| 000 | 00639nam a2200217Ia 4500 | ||
|---|---|---|---|
| 003 | GCL | ||
| 005 | 20240530110923.0 | ||
| 008 | 140319s2001 cn-ae 000 0 eng d | ||
| 020 | _a0865731497 | ||
| 040 |
_aGCL / _cGCL |
||
| 082 | 0 | 4 |
_a747/ _bW A |
| 100 | 1 | _aWoloszynska, Suzanne | |
| 245 | 1 | 4 |
_aThe Art of Interior Design : _bSelectibg Elements for Distinctive Styless / _cSuzanne Woloszynska |
| 260 |
_aCanada : _bCreative Publishing International ، _c.2001 |
||
| 300 |
_a256 P. : _bill ; _c30 cm. |
||
| 650 | 0 | 4 | _aARTS |
| 650 | 0 | 4 | _a ART DECORATION |
| 650 | 0 | 4 | _aINTERIOR DESIGN |
| 650 | 0 | 4 | _a HOME DECORATING |
| 942 |
_2ddc _cBK |
||
| 999 |
_c66518 _d66518 |
||